000 00282nam a2200121 4500
999 _c9428
_d9428
003 OSt
005 20210419162420.0
008 210419b ||||| |||| 00| 0 eng d
020 _a9781782143635
082 _a741.2
_bSTD
245 _aThe practical encyclopedia of drawing
942 _2ddc